Set de rune - Summoners War - Statistiques

Statistiques générales
  • Ce quiz a été pris 34 fois
  • Le résultat moyen est 15 sur 21
Statistiques - réponses
Réponse % Correct
Violent
96%
Energie
89%
Lame
89%
Rage
89%
Volonté
86%
Combat
82%
Déséspoir
82%
Gardien
82%
Rapide
82%
Fatale
79%
Précision
75%
Némésis
71%
Focus
68%
Endurance
64%
Vampire
61%
Vengeance
61%
Destruction
54%
Protection
54%
Détermination
50%
Amélioration
32%
Tolérance
25%
Aucun quiz correspondant
Distribution des résultats
% des personnes avec chaque résultat
Percentile par nombre de réponses
Votre historique - résultats
Vous n’avez pas pris ce quiz